000 00586nam a2200205Ia 4500
003 GCL
008 140319s9999 xx 000 0 ara d
040 _aGCL /
_cGCL
082 0 4 _a301.427
_bا و
100 1 _aانور محمد
245 1 0 _aوراء كل ديكتاتور امراة /
_cانور محمد
260 _a[S.N] :
_bاية ام للنشر والتوزيع
300 _a265 ص
490 _a
650 0 4 _aمصر
650 0 4 _aايران
650 0 4 _aالمرأة فى الحياة العامة
650 0 4 _aالمرأة فى السياسة
942 _2ddc
_cBK
999 _c34809
_d34809